Vplyv efektu snehovej gule na udržateľnosť verejných financií diplomová práca

Saved in:
Bibliographic Details
Main Author: Štúr, Patrik
Corporate Author: Národohospodárska fakulta EU. Katedra hospodárskej politiky
Other Authors: Fifeková, Elena
Format: Book
Language:Slovak
Published: Bratislava 2019
Tags: Add Tag
No Tags, Be the first to tag this record!

MARC

LEADER 00000nbm a2200000 4500
001 0254849
005 20190722122935.8
041 0 |a slo 
044 |a SK 
245 1 0 |a Vplyv efektu snehovej gule na udržateľnosť verejných financií  |b diplomová práca  |c Patrik Štúr ; školiteľ: Elena Fifeková 
264 1 |a Bratislava  |c 2019 
300 |a 67 s. 
100 1 |a Štúr, Patrik 
700 1 |a Fifeková, Elena 
710 2 |a Národohospodárska fakulta EU. Katedra hospodárskej politiky